<?xml version="1.0" encoding="UTF-8"?>
<record
    xmlns:xsi="http://www.w3.org/2001/XMLSchema-instance"
    xsi:schemaLocation="http://www.loc.gov/MARC21/slim http://www.loc.gov/standards/marcxml/schema/MARC21slim.xsd"
    xmlns="http://www.loc.gov/MARC21/slim">

  <leader>01300nam a2200217 i 4500</leader>
  <controlfield tag="001">159100</controlfield>
  <controlfield tag="003">ES-MaACL</controlfield>
  <controlfield tag="005">20250727063147.0</controlfield>
  <controlfield tag="008">931025s1783    sp           |||| | spa d</controlfield>
  <datafield tag="100" ind1="1" ind2=" ">
    <subfield code="a">Masd&#xE9;u, Juan Francisco,</subfield>
    <subfield code="d">1744-1817</subfield>
    <subfield code="9">129694</subfield>
  </datafield>
  <datafield tag="245" ind1="1" ind2="0">
    <subfield code="a">Historia critica de Espa&#xF1;a y de la cultura espa&#xF1;ola / </subfield>
    <subfield code="c">obra compuesta y publicada en italiano por D. Juan Francisco de Masdeu... ; tomo I y preliminar a la historia, Discurso hist&#xF3;rico filos&#xF3;fico sobre el clima de Espa&#xF1;a, el genio y el ingenio de los espa&#xF1;oles para la industria y la literatura, su caracter politico y moral.</subfield>
  </datafield>
  <datafield tag="260" ind1=" " ind2=" ">
    <subfield code="a">En Madrid : </subfield>
    <subfield code="b">por don Antonio de Sancha, se hallar&#xE1; en su libreria en la Aduana vieja, </subfield>
    <subfield code="c">1783.</subfield>
  </datafield>
  <datafield tag="300" ind1=" " ind2=" ">
    <subfield code="a">20, 339 p. ; </subfield>
    <subfield code="c">4&#xBA; (21 cm)</subfield>
  </datafield>
  <datafield tag="500" ind1=" " ind2=" ">
    <subfield code="a">Existen dos ediciones: una, incluye el orden de los tomos en que se dividir&#xE1; la obra en la contraportada, la otra, no incluye el orden de los tomos, aunque coincide la paginaci&#xF3;n.</subfield>
  </datafield>
  <datafield tag="597" ind1=" " ind2=" ">
    <subfield code="a">Sign.: [ ]4, 2*4, 3*2, A-Z4, 2A-2T4, 2V2.</subfield>
  </datafield>
  <datafield tag="597" ind1=" " ind2=" ">
    <subfield code="a">Antep.</subfield>
  </datafield>
  <datafield tag="651" ind1=" " ind2="4">
    <subfield code="a">Espa&#xF1;a-</subfield>
    <subfield code="x">Historia.</subfield>
    <subfield code="9">8209</subfield>
  </datafield>
  <datafield tag="852" ind1=" " ind2=" ">
    <subfield code="a">ES-MaACL</subfield>
    <subfield code="j">R-270-89     </subfield>
    <subfield code="z">-- Enc. pasta     </subfield>
    <subfield code="z">.- Edici&#xF3;n que no incluye el orden de los tomos en el verso de anteportada                </subfield>
    <subfield code="x"> Olim: C-44-63</subfield>
  </datafield>
  <datafield tag="999" ind1=" " ind2=" ">
    <subfield code="c">159100</subfield>
    <subfield code="d">159100</subfield>
  </datafield>
  <datafield tag="952" ind1=" " ind2=" ">
    <subfield code="0">0</subfield>
    <subfield code="1">0</subfield>
    <subfield code="4">0</subfield>
    <subfield code="7">0</subfield>
    <subfield code="8">LIBXVIII</subfield>
    <subfield code="a">ATENEOM</subfield>
    <subfield code="b">ATENEOM</subfield>
    <subfield code="c">DEPO</subfield>
    <subfield code="d">2008-01-17</subfield>
    <subfield code="l">0</subfield>
    <subfield code="o">R-270-89</subfield>
    <subfield code="p">1166554</subfield>
    <subfield code="r">2023-02-23 00:00:00</subfield>
    <subfield code="w">2023-02-23</subfield>
    <subfield code="y">MONANT</subfield>
  </datafield>
</record>
